000 00823nas a2200253 4500
001 BR0101752
003 BR-BrBNA
005 20231205102204.0
007 ta
008 230509b bl.|||p| |||| 00| 00por d
040 _aBR-BrBNA
_bpor
_cBiblioteca Nacional de Agricultura
041 _a(Pt)
072 _aF03
100 1 _aHeringer, I.
100 1 _aJacques, A.V.A.
245 1 _aDormencia de sementes de Paspalum notatum Flugge var. notatum, ecotipo Andre da Rocha, sob distintas condicoes de armazenamento
650 _aGrama-Batatais
650 _aPoder Germinativo
650 _aDormencia da Semente
650 _aArmazenamento
773 0 _tPesquisa Agropecuaria Gaucha (Brazil)
_xISSN 0104-9070
_g(1999), v. 5(2) p. 345-350
_wBR0101752
909 _a202311
_bLúcia
_c55
_dLúcia Elande
942 _2AGRIS
_n0
_cANA
999 _c166197
_d166197